000 00739nam a22002417a 4500
999 _c20038
_d20038
005 20180803170438.0
008 171220b2017 ck ||||| |||| 00| 0 spa d
020 _a9789585606517
040 _aCO-BoIAVH
_cCO-BoIAVH
041 _aspa
044 _ack
082 _a634
_bC82e
110 _aCorporación Ambiental la Pedregoza
245 1 _aEl Congrio (Acosmium nitens) en la cuenca del Río Bita:
_bsembrar para conservar
260 _aBogotá:
_bCorporación Ambiental la Pedregoza,
_c2017.
300 _a70 páginas
_c28 x 22cm
650 1 6 _aGerminación
650 1 6 _aRiego
650 1 6 _aEcosistemas
650 1 6 _aComunidades
650 1 6 _aEspecies nativas
942 _2ddc
_cLIBRO